000 00523nam a22001937a 4500
003 MPLRDC
005 20220104113640.0
008 210129b ||||| |||| 00| 0 eng d
020 _a957-2024-92-2
082 _a999.9 WSXX v.3
100 _a李明玉总编辑
245 _a种子真奇妙
_c
250 _a初版
260 _a台湾
_b阁林国际图书有限公司
_c2002
300 _b32
490 _a我是小小童话艺术家
650 _a业余游玩; 民俗艺术--废物利用
942 _cBK
_o999.9 WSXX v.3
999 _c1271
_d1261